000 00755nam a22002417a 4500
005 20140821121118.0
010 _aB-505004-014 ENG-110562
020 _a9780070706408
_c350.00
035 _aB-505004-014
035 _aEN-94094
037 _bUBH/Ven
037 _bDBAD/PUB
082 _a488.1
100 _aKuberkar, Ranjeet
245 _aWord power /
_cby Ranjeet Kuberkar [and] Amol Dhakadey
260 _aNew Delhi
_bTata McGraw-Hill
_c2011
270 _a7 West Patel Nagar
_bNew Delhi
_e110008
300 _axii,605p.
_c24cm(pbk)
500 _aIncludes index
700 _aDhakadey, Amol
942 _2ddc
_cEN
_mKUB
_h488.1
999 _c74404
_d74404